2021 NFL Free Agency - Statistics

General Stats
  • This quiz has been taken 197 times
  • The average score is 22 of 32
Answer Stats
FA Rank Player Old Team New Team % Correct
12 Hunter Henry Chargers Patriots
95%
10 Kenny Golladay Lions Giants
94%
15 Jonnu Smith Titans Patriots
88%
27 Corey Davis Titans Jets
86%
37 Patrick Peterson Cardinals Vikings
85%
43 Jadeveon Clowney Titans Browns
84%
71 Andy Dalton Cowboys Bears
83%
19 Curtis Samuel Panthers Football Team
82%
81 James Conner Steelers Cardinals
80%
40 Will Fuller Texans Dolphins
79%
N/A Ryan Fitzpatrick Dolphins Football Team
79%
33 Matthew Judon Ravens Patriots
79%
56 Nelson Agholor Raiders Patriots
79%
16 Corey Linsley Packers Chargers
78%
46 Sammy Watkins Chiefs Ravens
78%
26 Trey Hendrickson Saints Bengals
75%
50 Kenyan Drake Cardinals Raiders
74%
11 Joe Thuney Patriots Chiefs
73%
17 John Johnson III Rams Browns
71%
35 Shaquill Griffin Seahawks Jaguars
70%
23 Bud Dupree Steelers Titans
68%
59 Jared Cook Saints Chargers
62%
54 Keanu Neal Falcons Cowboys
61%
31 Haason Reddick Cardinals Panthers
56%
39 Yannick Ngakoue Ravens Raiders
56%
38 Dalvin Tomlinson Giants Vikings
54%
18 Carl Lawson Bengals Jets
51%
20 William Jackson III Bengals Football Team
46%
24 Anthony Harris Vikings Eagles
43%
85 Alex Mack Falcons 49ers
41%
58 Desmond King Titans Texans
41%
45 Eric Wilson Vikings Eagles
29%
No matching quizzes found
Score Distribution
Percent of People with Each Score
Percentile by Number Answered
Your Score History
You have not taken this quiz